00824nam a2200205 i 4500001001000000003000900010005001700019007000300036008004100039040002500080049000900105082001900114110009700133245002600230264014600256300005400402942001400456952013100470999001700601000028397DO-SdBNP20250130100429.0ta100308s198? dr 000 0 spa d aDO-SdBNPbspacBNPHU aBNPD 4axxxbR337i2221 aRepública Dominicana.bSecretaría de Estado de Educación, Bellas Artes y Cultos92396510aReglamento de ajedrez 1aSanto Domingo :bSecretaría de Estado de Educación, Bellas Artes y Cultos:bDirección General de Educación Física Escolar,c[198?]. a16 páginas :bilustraciones; retratos ;c22 cm. 2ddccLBS1 00102ddc51708PDaBNPHUbBNPHUcCTd2011-04-08l0oBNPHU PD xxx R337ip28397-10r2020-06-25w2020-06-25yLBS1ZNo se presta c27889d27889